Mantenimiento, acompañamiento y seguimiento de las HMP establecidas en ventana ganadera de la cuenca media del río Chambery, municipios de Aranzazu y Salamina, Caldas (Registro nro. 6024)

Detalles MARC
000 -CABECERA
Campo de control 00924nam a2200181 a 4500
090 ## - CLASIFICACIÓN LOCAL
Colección IAVH
Consecutivo 00765 CD-1
041 ## - IDIOMA
Código de idioma para texto/pista de sonido o título separado Español
110 ## - ASIENTO PRINCIPAL--NOMBRE CORPORATIVO
Unidad subordinad Fundación Pangea
245 ## - MENCION DE TITULO
Título Mantenimiento, acompañamiento y seguimiento de las HMP establecidas en ventana ganadera de la cuenca media del río Chambery, municipios de Aranzazu y Salamina, Caldas
260 ## - PUBLICACION, DISTRIBUCION, ETC. (PIE DE IMPRENTA)
Lugar de publicación, distribución, etc. Cali
Nombre del editor, distribuidor, etc. Instituto Alexander von Humboldt
Fecha de publicación, distribución, etc. 2005
300 ## - DESCRIPCION FISICA
Extensión 156 p.
520 ## - NOTA DE RESUMEN, ETC.
Nota de resumen Esta consultoría sobre mantenimiento de las Herramientas de Manejo del Paisaje se desarrolló bajo cuatro ejes temáticos, así: Seguimiento técnico de las HMP, Mantenimiento de las HMP, Divulgación y Gestión.
650 ## - ASIENTO SECUNDARIO DE MATERIA - TERMINO TEMATICO
Término temático o nombre geográfico como elemento de entrada Conservación
650 ## - ASIENTO SECUNDARIO DE MATERIA - TERMINO TEMATICO
Término temático o nombre geográfico como elemento de entrada Biodiversidad
650 ## - ASIENTO SECUNDARIO DE MATERIA - TERMINO TEMATICO
Término temático o nombre geográfico como elemento de entrada Paisawje rural
662 ## - ASIENTO SECUNDARIO DE MATERIA - JERARQUIA DEL NOMBRE DE LUGAR(
Jurisdicción política intermedia Colombia
Ciudad Aranzazu
Jurisdicción política de primer orden Caldas
773 0# - Item fuente:
Host Biblionumber 5986
Host Itemnumber 9704
Asiento principal
Edición
Lugar, editorial y fecha de publicación Bogotá Informatica documental 2007
Otro identificador del ítem - Codigo de Barras 024802
Título Informes de investigaciones IAVH en PDF
Número de control del registro
Número Internacional Normalizado para Publicaciones Seriadas - ISSN
Número Internacional Normalizado para Libros - ISBN

No hay ítems disponibles.